000 00291nam a22001337a 4500
008 171014b xxu||||| |||| 00| 0 eng d
020 _a9780065010961
041 _aeng
080 _a33
100 _a52
101 _aEKO
245 _aINTERNATIONAL ECONOMICS
_cHUSTED, S
942 _2udc
_cBK
999 _c33980
_d33980